IWGP NEVER Openweight Champions - Statistics

General Stats
  • This quiz has been taken 70 times
    13 since last reset
  • The average score is 36 of 50
Answer Stats
Year Wrestler % Correct
2016 1 Evil
100%
2022 2 Evil
100%
2024 3 Evil
100%
2025 4 Evil
100%
2021 1 Hiroshi Tanahashi
100%
2014 1 Tomohiro Ishii
100%
2014 2 Tomohiro Ishii
100%
2015 3 Tomohiro Ishii
100%
2015 4 Tomohiro Ishii
100%
2019 5 Tomohiro Ishii
100%
2021 6 Tomohiro Ishii
100%
2017 1 Hirooki Goto
88%
2018 2 Hirooki Goto
88%
2018 3 Hirooki Goto
88%
2018 4 Hirooki Goto
88%
2020 5 Hirooki Goto
88%
2022 1 Karl Anderson
88%
2025 1 Konosuke Takeshita
88%
2020 1 Shingo Takagi
88%
2020 2 Shingo Takagi
88%
2023 3 Shingo Takagi
88%
2024 4 Shingo Takagi
88%
2024 5 Shingo Takagi
88%
2022 1 Tama Tonga
88%
2023 2 Tama Tonga
88%
2023 3 Tama Tonga
88%
2024 4 Tama Tonga
88%
2019 1 Will Ospreay
88%
2021 1 Jay White
75%
2018 1 Kota Ibushi
75%
2017 1 Minoru Suzuki
75%
2020 2 Minoru Suzuki
75%
2013 1 Tetsuya Naito
75%
2026 1 Aaron Wolf
63%
2015 1 Togi Makabe
63%
2015 2 Togi Makabe
63%
2023 1 David Finlay
50%
2016 1 Katsuyori Shibata
50%
2016 2 Katsuyori Shibata
50%
2016 3 Katsuyori Shibata
50%
2019 1 Jeff Cobb
38%
2019 1 KENTA
38%
2016 1 Yuji Nagata
38%
2025 1 Boltin Oleg
25%
2012 1 Masato Tanaka
25%
2018 1 Taichi
25%
2019 2 Taichi
25%
2014 1 Yujiro Takahashi
25%
2024 1 Henare
13%
2018 1 Michael Elgin
13%
No matching quizzes found
Score Distribution
Percent of People with Each Score
Percentile by Number Answered
Your Score History
You have not taken this quiz since the last reset